000
00242nam a2200097Ia 4500
005
20251222114353.0
008
251222s1900||||xx |||||||||||||| ||spa||
082
_a
DVD0050/F57/1966
245
0
_a
Fantastic voyage:El viaje fantástico
942
_c
DVD
999
_c
1309
_d
1309